Piłkarska kariera Jerzego Dudka. - Statystyki

Ogólne statystyki
  • Ten quiz został rozwiązany 212 razy
    198 od ostatniego zresetowania
  • Średni wynik to 3 z 5
Statystyki odpowiedzi
Lata Piłkarz % Poprawnych
2001-2007 Liverpool
99%
2007-2011 Real Madryt
97%
1996-2001 Feyenoord
45%
1996-1996 Sokół Tychy
23%
? Concordia Knurów
18%
Nie znaleziono quizów pasujących do podanych kryteriów
Rozkład punktacji
Procent ludzi z każdym wynikiem
Percentyl według liczby udzielonych odpowiedzi
Twoja historia wyników
Nie rozwiązałeś tego quizu od ostatniego zresetowania